| Tag |
First Indicator |
Second Indicator |
Subfields |
| LEADER |
00000cam a2200000Ia 4500 |
| 001 |
in00002311721 |
| 005 |
20190326202252.0 |
| 006 |
m | d | |
| 007 |
cr |n||||||||n |
| 008 |
901011s1797 nyu sv 000 0 eng d |
| 040 |
|
|
|a NYG
|c GKS
|d OCL
|d Thomson Gale
|d UtOrBLW
|
| 043 |
|
|
|a n-us-ny
|
| 100 |
1 |
|
|a Mitchill, Samuel L.
|q (Samuel Latham),
|d 1764-1831.
|
| 245 |
1 |
4 |
|a The case of the manufacturers of soap & candles, in the city of New-York, stated and examined :
|b to which are prefixed, the laws of the state of New-York, concerning infectious diseases : with an addition, in form of an appendix, containing several documents and papers, relative to these subjects.
|
| 264 |
|
3 |
|a New York :
|b Printed by J. Buel for The Association,
|c 1797.
|
| 300 |
|
|
|a 62 pages ;
|c 22 cm.
|
| 336 |
|
|
|a text
|b txt
|2 rdacontent
|
| 337 |
|
|
|a computer
|b c
|2 rdamedia
|
| 338 |
|
|
|a online resource
|b cr
|2 rdacarrier
|
| 500 |
|
|
|a "Published by the Association of Tallow Chandlers and Soap Makers"
|
| 500 |
|
|
|a Attributed to Samuel Latham Mitchill.--NUC pre-1956.
|
| 500 |
|
|
|a Reproduction of original from Kress Library of Business and Economics, Harvard University.
|
| 500 |
|
|
|a Goldsmiths'-Kress number 16968.3.
|
| 510 |
4 |
|
|a OCLC,
|c 22498373
|
| 533 |
|
|
|a Electronic reproduction.
|b Farmington Hills, Mich. :
|c Thomson Gale,
|d 2005.
|f (The making of the modern world).
|n Available via the World Wide Web.
|n Access limited to licensing agreements.
|7 s2005 miunns
|
| 500 |
|
|
|a Electronic resource.
|
| 650 |
|
0 |
|a Public health laws
|z New York (State)
|
| 650 |
|
0 |
|a Soap trade
|z New York (State)
|z New York.
|
| 650 |
|
0 |
|a Candle industry
|z New York (State)
|z New York.
|
| 655 |
|
0 |
|a Electronic books.
|
| 710 |
2 |
|
|a Association of Tallow Chandlers and Soap Makers (New York, N.Y.)
|
| 830 |
|
0 |
|a Making of the modern world (Goldsmiths'-Kress Library of Economic Literature)
|
| 856 |
4 |
0 |
|u http://proxy.library.tamu.edu/login?url=http://galenet.galegroup.com/servlet/MOME?af=RN&ae=U102597020&srchtp=a&ste=14&locID=txshracd2898
|z Connect to the full text of this electronic book
|t 0
|
| 999 |
|
|
|a MARS
|
| 999 |
f |
f |
|s 7bd0784c-4c93-3363-83af-20c6ef81e54f
|i a21ab0d7-c4bb-36ff-813f-fb8e2c78981b
|t 0
|
| 952 |
f |
f |
|a Texas A&M University
|b College Station
|c Electronic Resources
|d Available Online
|t 0
|h No information provided
|
| 998 |
f |
f |
|t 0
|l Available Online
|